| Tag |
First Indicator |
Second Indicator |
Subfields |
| LEADER |
00000pam a2200000 i 4500 |
| 001 |
in00000336292 |
| 005 |
20151011055058.0 |
| 008 |
760113s1976 nyuaf s 00000 eng |
| 010 |
|
|
|a 75037311
|
| 020 |
|
|
|a 0405079818
|
| 035 |
|
|
|a (OCoLC)02005464
|
| 035 |
|
|
|9 ABM2117AM
|
| 040 |
|
|
|a DLC
|c DLC
|d TXA
|d UtOrBLW
|
| 043 |
|
|
|a n-us-ma
|
| 049 |
|
|
|a TXAM
|c [1554831]
|
| 050 |
0 |
0 |
|a HB3525.M4
|b D44
|
| 082 |
0 |
|
|a 301.32/9/744
|
| 245 |
0 |
4 |
|a The Demographic history of Massachusetts.
|
| 264 |
|
1 |
|a [New York] :
|b Arno Press,
|c 1976.
|
| 300 |
|
|
|a 420 pages, 1 unnumbered folded leaf of plates :
|b graphs ;
|c 23 cm.
|
| 336 |
|
|
|a text
|b txt
|2 rdacontent
|
| 337 |
|
|
|a unmediated
|b n
|2 rdamedia
|
| 338 |
|
|
|a volume
|b nc
|2 rdacarrier
|
| 490 |
1 |
|
|a Demography
|
| 505 |
0 |
|
|a Kuczynski, R. R. The registration laws in the colonies of Massachusetts Bay and New Plymouth.--Kuczynski, R. R. The fecundity of the native and foreign born population in Massachusetts.--Abbott, S. W. The vital statistics of Massachusetts: a forty years' summary, 1856-1895.--Wells, F. Divorces in Massachusetts, 1863-1882.--Crum, F. S. The birth-rate in Massachusetts, 1850-1890.--Crum, F. S. The marriage rate in Massachusetts.--Uhlenberg, P. R. A study of cohort life cycles: cohorts of native born Massachusetts women, 1830-1920.
|
| 651 |
|
0 |
|a Massachusetts
|x Population
|x History.
|
| 651 |
|
0 |
|a Massachusetts
|x Statistics, Vital
|x History.
|
| 830 |
|
0 |
|a Demography (Arno Press)
|
| 999 |
|
|
|a MARS
|
| 999 |
f |
f |
|s eae10020-5815-3745-a02f-4f4bc6f1e47d
|i b7b2bccb-1d26-3f1d-a3a4-5295f9b54445
|t 0
|
| 952 |
f |
f |
|p ric
|a Texas A&M University
|b Rellis Campus
|c Joint Library Facility
|d Remote Storage
|t 0
|e HB3525.M4 D44
|h Library of Congress classification
|i unmediated -- volume
|m A14802553747
|
| 998 |
f |
f |
|a HB3525.M4 D44
|t 0
|l Remote Storage
|